<?xml version="1.0" encoding="UTF-8"?>
<record
    xmlns:xsi="http://www.w3.org/2001/XMLSchema-instance"
    xsi:schemaLocation="http://www.loc.gov/MARC21/slim http://www.loc.gov/standards/marcxml/schema/MARC21slim.xsd"
    xmlns="http://www.loc.gov/MARC21/slim">

  <leader>00966aam a2200337 i 4500</leader>
  <controlfield tag="001">vtls000874693</controlfield>
  <controlfield tag="003">PNM</controlfield>
  <controlfield tag="005">20200514091306.0</controlfield>
  <controlfield tag="008">190415s2019    my     g      000 f may  </controlfield>
  <datafield tag="015" ind1=" " ind2=" ">
    <subfield code="a">M19-04178</subfield>
  </datafield>
  <datafield tag="020" ind1=" " ind2=" ">
    <subfield code="a">9789671692806</subfield>
    <subfield code="q">paperback</subfield>
    <subfield code="c">RM 38.00</subfield>
  </datafield>
  <datafield tag="039" ind1=" " ind2="9">
    <subfield code="a">201905140903</subfield>
    <subfield code="b">siti</subfield>
    <subfield code="c">201905131622</subfield>
    <subfield code="d">kalthom</subfield>
    <subfield code="c">201904151009</subfield>
    <subfield code="d">ben</subfield>
  </datafield>
  <datafield tag="040" ind1=" " ind2=" ">
    <subfield code="a">BNM</subfield>
    <subfield code="b">eng</subfield>
    <subfield code="c">BNM</subfield>
    <subfield code="e">rda</subfield>
    <subfield code="d">PPAK</subfield>
  </datafield>
  <datafield tag="049" ind1=" " ind2=" ">
    <subfield code="a">mal</subfield>
  </datafield>
  <datafield tag="082" ind1="0" ind2="4">
    <subfield code="a">899.2333</subfield>
    <subfield code="2">23</subfield>
  </datafield>
  <datafield tag="090" ind1="0" ind2="0">
    <subfield code="a">899.2333</subfield>
    <subfield code="b">NUR</subfield>
    <subfield code="d">G</subfield>
  </datafield>
  <datafield tag="100" ind1="0" ind2=" ">
    <subfield code="a">Nuriffa,</subfield>
    <subfield code="e">author.</subfield>
  </datafield>
  <datafield tag="245" ind1="1" ind2="0">
    <subfield code="a">MI AMOR /</subfield>
    <subfield code="c">Nuriffa ; Editor : Nur Atikah</subfield>
  </datafield>
  <datafield tag="264" ind1=" " ind2="1">
    <subfield code="a">Melaka :</subfield>
    <subfield code="b">NUR AFIFAH BINTI MOHD YUSOF,</subfield>
    <subfield code="c">[2019?]</subfield>
  </datafield>
  <datafield tag="300" ind1=" " ind2=" ">
    <subfield code="a">606 pages ;</subfield>
    <subfield code="c">18 cm</subfield>
  </datafield>
  <datafield tag="336" ind1=" " ind2=" ">
    <subfield code="a">text</subfield>
    <subfield code="2">rdacontent</subfield>
  </datafield>
  <datafield tag="337" ind1=" " ind2=" ">
    <subfield code="a">unmediated</subfield>
    <subfield code="2">rdamedia</subfield>
  </datafield>
  <datafield tag="338" ind1=" " ind2=" ">
    <subfield code="a">volume</subfield>
    <subfield code="2">rdacarrier</subfield>
  </datafield>
  <datafield tag="650" ind1="1" ind2="4">
    <subfield code="a">Malaysian fiction (Malay)</subfield>
  </datafield>
  <datafield tag="650" ind1="2" ind2="0">
    <subfield code="a">Malay fiction</subfield>
  </datafield>
  <datafield tag="700" ind1="0" ind2=" ">
    <subfield code="a">Nur Atikah,</subfield>
    <subfield code="e">editor.</subfield>
  </datafield>
  <datafield tag="942" ind1=" " ind2=" ">
    <subfield code="2">ddc</subfield>
    <subfield code="c">B</subfield>
  </datafield>
  <datafield tag="949" ind1=" " ind2=" ">
    <subfield code="6">2000672167</subfield>
  </datafield>
  <datafield tag="949" ind1=" " ind2=" ">
    <subfield code="6">2000672166</subfield>
  </datafield>
  <datafield tag="949" ind1=" " ind2=" ">
    <subfield code="6">2000672165</subfield>
  </datafield>
  <datafield tag="999" ind1=" " ind2=" ">
    <subfield code="c">177136</subfield>
    <subfield code="d">177136</subfield>
  </datafield>
  <datafield tag="952" ind1=" " ind2=" ">
    <subfield code="0">0</subfield>
    <subfield code="7">0</subfield>
    <subfield code="b">PPAK</subfield>
    <subfield code="c">G</subfield>
    <subfield code="d">2020-06-25</subfield>
    <subfield code="l">10</subfield>
    <subfield code="m">3</subfield>
    <subfield code="o">899.2333 NUR</subfield>
    <subfield code="p">A01644542</subfield>
    <subfield code="r">2025-07-26 13:30:13</subfield>
    <subfield code="s">2025-07-05</subfield>
    <subfield code="y">B</subfield>
  </datafield>
  <datafield tag="952" ind1=" " ind2=" ">
    <subfield code="0">0</subfield>
    <subfield code="7">0</subfield>
    <subfield code="b">PPAK</subfield>
    <subfield code="c">G</subfield>
    <subfield code="d">2020-06-25</subfield>
    <subfield code="l">13</subfield>
    <subfield code="m">1</subfield>
    <subfield code="o">899.2333 NUR</subfield>
    <subfield code="p">A01644543</subfield>
    <subfield code="r">2025-05-24 12:07:31</subfield>
    <subfield code="s">2025-05-08</subfield>
    <subfield code="y">B</subfield>
  </datafield>
  <datafield tag="952" ind1=" " ind2=" ">
    <subfield code="0">0</subfield>
    <subfield code="7">0</subfield>
    <subfield code="b">SP</subfield>
    <subfield code="c">G</subfield>
    <subfield code="d">2020-06-25</subfield>
    <subfield code="l">9</subfield>
    <subfield code="m">2</subfield>
    <subfield code="o">899.2333 NUR</subfield>
    <subfield code="p">A01644544</subfield>
    <subfield code="r">2025-11-24 13:32:03</subfield>
    <subfield code="s">2025-10-13</subfield>
    <subfield code="y">B</subfield>
  </datafield>
  <datafield tag="952" ind1=" " ind2=" ">
    <subfield code="0">0</subfield>
    <subfield code="7">0</subfield>
    <subfield code="b">JT</subfield>
    <subfield code="c">G</subfield>
    <subfield code="d">2020-06-25</subfield>
    <subfield code="l">9</subfield>
    <subfield code="m">2</subfield>
    <subfield code="o">899.2333 NUR</subfield>
    <subfield code="p">A01644545</subfield>
    <subfield code="r">2024-07-23 10:20:01</subfield>
    <subfield code="s">2024-07-06</subfield>
    <subfield code="y">B</subfield>
  </datafield>
  <datafield tag="952" ind1=" " ind2=" ">
    <subfield code="0">0</subfield>
    <subfield code="7">0</subfield>
    <subfield code="b">LW</subfield>
    <subfield code="c">G</subfield>
    <subfield code="d">2020-06-25</subfield>
    <subfield code="l">7</subfield>
    <subfield code="m">3</subfield>
    <subfield code="o">899.2333 NUR</subfield>
    <subfield code="p">A01644546</subfield>
    <subfield code="r">2024-05-09 11:38:08</subfield>
    <subfield code="s">2024-04-23</subfield>
    <subfield code="y">B</subfield>
  </datafield>
  <datafield tag="952" ind1=" " ind2=" ">
    <subfield code="0">0</subfield>
    <subfield code="7">0</subfield>
    <subfield code="b">KM</subfield>
    <subfield code="c">G</subfield>
    <subfield code="d">2020-06-25</subfield>
    <subfield code="l">11</subfield>
    <subfield code="m">3</subfield>
    <subfield code="o">899.2333 NUR</subfield>
    <subfield code="p">A01644547</subfield>
    <subfield code="q">2024-06-23</subfield>
    <subfield code="r">2024-06-02 14:26:31</subfield>
    <subfield code="s">2024-06-02</subfield>
    <subfield code="y">B</subfield>
  </datafield>
  <datafield tag="952" ind1=" " ind2=" ">
    <subfield code="0">0</subfield>
    <subfield code="7">0</subfield>
    <subfield code="b">BL</subfield>
    <subfield code="c">G</subfield>
    <subfield code="d">2020-06-25</subfield>
    <subfield code="l">23</subfield>
    <subfield code="m">5</subfield>
    <subfield code="o">899.2333 NUR</subfield>
    <subfield code="p">A01644548</subfield>
    <subfield code="r">2025-10-21 17:14:07</subfield>
    <subfield code="s">2025-10-11</subfield>
    <subfield code="y">B</subfield>
  </datafield>
  <datafield tag="952" ind1=" " ind2=" ">
    <subfield code="0">0</subfield>
    <subfield code="7">0</subfield>
    <subfield code="b">BB</subfield>
    <subfield code="c">G</subfield>
    <subfield code="d">2020-06-25</subfield>
    <subfield code="o">899.2333 NUR</subfield>
    <subfield code="p">A01644549</subfield>
    <subfield code="r">2020-06-25 00:00:00</subfield>
    <subfield code="y">B</subfield>
  </datafield>
  <datafield tag="952" ind1=" " ind2=" ">
    <subfield code="0">0</subfield>
    <subfield code="7">0</subfield>
    <subfield code="b">MR</subfield>
    <subfield code="c">G</subfield>
    <subfield code="d">2020-06-25</subfield>
    <subfield code="l">5</subfield>
    <subfield code="m">1</subfield>
    <subfield code="o">899.2333 NUR</subfield>
    <subfield code="p">A01644550</subfield>
    <subfield code="q">2023-01-03</subfield>
    <subfield code="r">2022-12-13 00:00:00</subfield>
    <subfield code="s">2022-12-13</subfield>
    <subfield code="y">B</subfield>
  </datafield>
  <datafield tag="952" ind1=" " ind2=" ">
    <subfield code="0">0</subfield>
    <subfield code="7">0</subfield>
    <subfield code="b">YN</subfield>
    <subfield code="c">G</subfield>
    <subfield code="d">2020-06-25</subfield>
    <subfield code="l">8</subfield>
    <subfield code="m">2</subfield>
    <subfield code="o">899.2333 NUR</subfield>
    <subfield code="p">A01644551</subfield>
    <subfield code="r">2024-03-20 16:52:28</subfield>
    <subfield code="s">2024-02-07</subfield>
    <subfield code="y">B</subfield>
  </datafield>
  <datafield tag="952" ind1=" " ind2=" ">
    <subfield code="0">0</subfield>
    <subfield code="7">0</subfield>
    <subfield code="b">SK</subfield>
    <subfield code="c">G</subfield>
    <subfield code="d">2020-06-25</subfield>
    <subfield code="l">18</subfield>
    <subfield code="o">899.2333 NUR</subfield>
    <subfield code="p">A01644552</subfield>
    <subfield code="r">2025-08-28 12:12:30</subfield>
    <subfield code="s">2025-08-12</subfield>
    <subfield code="y">B</subfield>
  </datafield>
  <datafield tag="952" ind1=" " ind2=" ">
    <subfield code="0">0</subfield>
    <subfield code="7">0</subfield>
    <subfield code="b">KN</subfield>
    <subfield code="c">G</subfield>
    <subfield code="d">2020-06-25</subfield>
    <subfield code="l">4</subfield>
    <subfield code="m">1</subfield>
    <subfield code="o">899.2333 NUR</subfield>
    <subfield code="p">A01644553</subfield>
    <subfield code="r">2025-09-03 12:04:13</subfield>
    <subfield code="s">2025-08-17</subfield>
    <subfield code="y">B</subfield>
  </datafield>
  <datafield tag="952" ind1=" " ind2=" ">
    <subfield code="0">0</subfield>
    <subfield code="7">0</subfield>
    <subfield code="b">B1</subfield>
    <subfield code="c">G</subfield>
    <subfield code="d">2020-06-25</subfield>
    <subfield code="o">899.2333 NUR</subfield>
    <subfield code="p">A01644555</subfield>
    <subfield code="r">2020-06-25 00:00:00</subfield>
    <subfield code="y">B</subfield>
  </datafield>
  <datafield tag="952" ind1=" " ind2=" ">
    <subfield code="0">0</subfield>
    <subfield code="7">0</subfield>
    <subfield code="b">B3</subfield>
    <subfield code="c">G</subfield>
    <subfield code="d">2020-06-25</subfield>
    <subfield code="o">899.2333 NUR</subfield>
    <subfield code="p">A01644556</subfield>
    <subfield code="r">2020-06-25 00:00:00</subfield>
    <subfield code="y">B</subfield>
  </datafield>
  <datafield tag="952" ind1=" " ind2=" ">
    <subfield code="0">0</subfield>
    <subfield code="7">0</subfield>
    <subfield code="b">B4</subfield>
    <subfield code="c">G</subfield>
    <subfield code="d">2020-06-25</subfield>
    <subfield code="o">899.2333 NUR</subfield>
    <subfield code="p">A01644557</subfield>
    <subfield code="r">2020-06-25 00:00:00</subfield>
    <subfield code="y">B</subfield>
  </datafield>
  <datafield tag="952" ind1=" " ind2=" ">
    <subfield code="0">0</subfield>
    <subfield code="7">0</subfield>
    <subfield code="b">B5</subfield>
    <subfield code="c">G</subfield>
    <subfield code="d">2020-06-25</subfield>
    <subfield code="o">899.2333 NUR</subfield>
    <subfield code="p">A01644558</subfield>
    <subfield code="r">2020-06-25 00:00:00</subfield>
    <subfield code="y">B</subfield>
  </datafield>
  <datafield tag="952" ind1=" " ind2=" ">
    <subfield code="0">0</subfield>
    <subfield code="7">0</subfield>
    <subfield code="b">PD1</subfield>
    <subfield code="c">G</subfield>
    <subfield code="d">2020-06-25</subfield>
    <subfield code="o">899.2333 NUR</subfield>
    <subfield code="p">A01644559</subfield>
    <subfield code="r">2020-06-25 00:00:00</subfield>
    <subfield code="y">B</subfield>
  </datafield>
  <datafield tag="952" ind1=" " ind2=" ">
    <subfield code="0">0</subfield>
    <subfield code="7">0</subfield>
    <subfield code="b">PD2</subfield>
    <subfield code="c">G</subfield>
    <subfield code="d">2020-06-25</subfield>
    <subfield code="o">899.2333 NUR</subfield>
    <subfield code="p">A01644560</subfield>
    <subfield code="r">2020-06-25 00:00:00</subfield>
    <subfield code="y">B</subfield>
  </datafield>
  <datafield tag="952" ind1=" " ind2=" ">
    <subfield code="0">0</subfield>
    <subfield code="7">0</subfield>
    <subfield code="b">PD3</subfield>
    <subfield code="c">G</subfield>
    <subfield code="d">2020-06-25</subfield>
    <subfield code="o">899.2333 NUR</subfield>
    <subfield code="p">A01644561</subfield>
    <subfield code="r">2020-06-25 00:00:00</subfield>
    <subfield code="y">B</subfield>
  </datafield>
</record>
